Miscellaneous 9 - Statistics

General Stats
  • This quiz has been taken 5 times
  • The average score is 9 of 23
Answer Stats
Hint Answer % Correct
What is the closest country to Antarctica? Chile / Argentina
100%
What element is "Na" on the periodic table? Sodium
100%
A "hippogriff" is one-half horse and one-half "_____". Eagle
80%
What does the "F" stand for in F1-racing? Formula
80%
What is the missing Chinese-zodiac animal? Tiger, Monkey, Rabbit, Ox, Goat, Dog, Snake, Horse, Dragon, Pig, Rooster, and... Rat
80%
When a US soldier is killed or wounded while serving, they are awarded with a "______ _____". Purple Heart
60%
What does "c'est la vie" mean? That's life / Such is life
60%
Wolverine's claws and Ultron's casing are made out of... Adamantium
40%
What word was coined by French philosopher by August Comte that can refer to selfless behavior? Altruism
40%
What franchise is Jason Voorhees from? Friday the 13th
40%
This Sanskrit word is a greeting that translates to "I bow to you." Namaste
40%
What is Ben 10's watch called? Omnitrix
40%
What is the hebrew name for Jesus? Yeshua
40%
What did Bruce Jenner win an Olympic gold medal for in 1976? Decathlon
20%
Who was George W. Bush's VP from 2001 to 2009? Dick Cheney / Richard Cheney
20%
What is the stagename of musician Amala Ratna Zandile Dlamini? (1 Grammy & 19 nominations.) Doja Cat
20%
What country was George Orwell born in? India
20%
According to Forbes, who is the second richest individual in the world? (He co-founded Google.) Larry Page
20%
What TV show is the character Mortimer Chauncey Smith from? Rick and Morty
20%
Which country has a crane on their flag? They gained independence from Britain in 1962. Uganda
20%
What species is scientifically classified as "geomyidae"? Gopher
0%
Which Pokemon is based on a two-mouthed, female yōkai from Japanese folklore that is known as "Futakuchi-onna"? Mawile
0%
When this animal is in a group, it's called a bale. Turtle
0%
No matching quizzes found
Score Distribution
Percent of People with Each Score
Percentile by Number Answered
Your Score History
You have not taken this quiz